00353nam a2200145Ia 45000010006000000050017000060080041000230410008000640820018000721000029000902450044001193000028001636500008001916540008001991443120260306164914.0260306t9999||||xx |||||||||||||| ||spa|| aESP a515bC33 T. 1 aCastro Zarate, JuaneAUT 0aSolucionario de análisis matemático a538 páginas :c20 cm. aGEN aCMA